| 000 | 00437cam a2200169 a 4500 | ||
|---|---|---|---|
| 020 | _a0070112126 | ||
| 020 | _a0071140921 | ||
| 040 | _cDLC | ||
| 082 | 0 | 0 | _a547 CAR 1996 A061 Or. |
| 100 | 1 | _aCarey, Francis A., | |
| 245 | 1 | 0 | _aOrganic chemistry / |
| 250 | _a3rd ed. | ||
| 260 |
_aNew York : _bMcGraw-Hill, _cc1996. |
||
| 300 |
_a1 v. (various pagings) : _bill. (some col.) ; _c26 cm. |
||
| 650 | 0 | _aChemistry, Organic. | |
| 942 | _cEK | ||
| 999 |
_c14732 _d14732 |
||